| 000 | 00356nam a2200133Ia 4500 | ||
|---|---|---|---|
| 005 | 20260326100024.0 | ||
| 008 | 260326s9999||||xx |||||||||||||| ||und|| | ||
| 100 | _aDias, María Angela | ||
| 245 | 0 |
_aAcademia 6 / _cMaría Angela Dias |
|
| 260 | _bFacultad de Arquitectura y Urbanismo de | ||
| 300 | _a156 p. | ||
| 650 | _aARQUITECTURA REGIONAL | ||
| 942 | _cBK | ||
| 999 |
_c6295 _d6295 |
||